関西の市 - Statistics

General Stats
  • This quiz has been taken 1,563 times
  • The average score is 89 of 125
Answer Stats
都道府県 人口 面積(km²) % Correct
三重県 津市 274,537 711.18
99%
滋賀県 大津市 345,070 464.51
96%
三重県 四日市市 305,424 206.5
95%
京都府 京都市 1,463,723 827.83
95%
大阪府 大阪市 2,752,412 225.33
95%
大阪府 堺市 826,161 149.83
94%
兵庫県 神戸市 1,525,152 557.03
93%
三重県 伊勢市 122,765 208.37
92%
大阪府 東大阪市 493,940 61.78
90%
兵庫県 姫路市 530,495 534.56
90%
奈良県 奈良市 354,630 276.94
90%
和歌山県 和歌山市 356,729 208.85
89%
滋賀県 草津市 143,913 67.82
88%
京都府 宇治市 179,630 67.54
88%
兵庫県 尼崎市 459,593 50.71
88%
滋賀県 彦根市 113,647 196.87
86%
大阪府 高槻市 352,698 105.29
86%
兵庫県 明石市 303,601 49.42
86%
兵庫県 西宮市 485,587 99.96
86%
三重県 松阪市 159,145 623.58
85%
三重県 鈴鹿市 195,670 194.46
85%
滋賀県 近江八幡市 81,122 177.45
85%
滋賀県 米原市 37,225 250.39
84%
京都府 舞鶴市 80,336 342.13
84%
大阪府 吹田市 385,567 36.09
84%
三重県 桑名市 138,613 136.65
82%
大阪府 豊中市 401,558 36.39
82%
大阪府 泉佐野市 100,131 56.51
82%
兵庫県 加古川市 260,878 138.48
82%
滋賀県 長浜市 113,636 681.02
81%
京都府 福知山市 77,306 552.54
81%
京都府 長岡京市 80,608 19.17
81%
大阪府 枚方市 397,289 65.12
81%
大阪府 茨木市 287,730 76.49
81%
三重県 志摩市 46,057 178.94
80%
三重県 伊賀市 88,766 558.23
80%
兵庫県 豊岡市 77,489 697.55
79%
兵庫県 宝塚市 226,432 101.8
78%
奈良県 生駒市 116,675 53.15
78%
大阪府 寝屋川市 229,733 24.7
77%
奈良県 橿原市 120,922 39.56
77%
京都府 亀岡市 86,174 224.8
76%
京都府 京丹後市 50,860 501.44
76%
大阪府 岸和田市 190,658 72.72
76%
和歌山県 新宮市 27,171 255.23
76%
滋賀県 甲賀市 88,358 481.62
75%
滋賀県 高島市 46,377 693.05
75%
京都府 京田辺市 73,753 42.92
75%
大阪府 八尾市 264,642 41.72
75%
兵庫県 芦屋市 93,922 18.47
75%
大阪府 和泉市 184,495 84.98
74%
兵庫県 伊丹市 198,138 25
74%
奈良県 大和郡山市 83,285 42.69
74%
和歌山県 田辺市 69,870 1026.91
74%
三重県 鳥羽市 17,525 107.34
73%
大阪府 河内長野市 101,692 109.63
73%
三重県 尾鷲市 16,252 192.71
72%
三重県 亀山市 49,835 191.04
72%
滋賀県 東近江市 112,819 388.37
72%
兵庫県 赤穂市 45,892 126.85
72%
兵庫県 丹波篠山市 39,611 377.59
72%
奈良県 天理市 63,889 86.42
72%
滋賀県 野洲市 50,513 80.14
71%
兵庫県 相生市 28,355 90.4
71%
兵庫県 三田市 109,238 210.32
71%
滋賀県 守山市 83,236 55.74
70%
大阪府 泉大津市 74,412 14.33
70%
大阪府 摂津市 87,456 14.87
70%
和歌山県 橋本市 60,818 130.55
70%
三重県 名張市 76,387 129.77
69%
三重県 熊野市 15,965 373.35
69%
大阪府 池田市 104,993 22.14
69%
大阪府 守口市 143,096 12.71
69%
大阪府 阪南市 51,254 36.17
69%
京都府 木津川市 77,907 85.13
68%
大阪府 箕面市 136,868 47.9
68%
大阪府 門真市 119,764 12.3
68%
大阪府 泉南市 60,102 48.98
68%
滋賀県 栗東市 68,820 52.69
67%
京都府 宮津市 16,758 172.74
67%
京都府 向日市 56,859 7.72
67%
兵庫県 丹波市 61,471 493.21
67%
京都府 綾部市 31,846 347.1
66%
大阪府 四條畷市 55,177 18.69
65%
兵庫県 淡路市 41,967 184.24
65%
和歌山県 御坊市 23,481 43.91
65%
兵庫県 南あわじ市 44,137 229.01
64%
奈良県 大和高田市 61,744 16.48
64%
大阪府 大阪狭山市 58,435 11.92
63%
兵庫県 川西市 152,321 53.44
63%
奈良県 五條市 27,927 292.02
63%
和歌山県 紀の川市 58,816 228.21
63%
兵庫県 洲本市 41,236 182.38
62%
兵庫県 加東市 40,645 157.55
62%
京都府 南丹市 31,629 616.4
61%
大阪府 富田林市 108,699 39.72
61%
大阪府 大東市 119,367 18.27
61%
大阪府 柏原市 68,775 25.33
61%
大阪府 藤井寺市 63,688 8.89
61%
兵庫県 加西市 42,700 150.98
61%
大阪府 交野市 75,033 25.55
60%
奈良県 桜井市 54,857 98.91
60%
三重県 いなべ市 44,973 219.83
59%
大阪府 松原市 117,641 16.66
58%
京都府 城陽市 74,607 32.71
57%
和歌山県 海南市 48,369 101.06
57%
大阪府 羽曳野市 108,736 26.45
56%
兵庫県 西脇市 38,673 132.44
56%
兵庫県 たつの市 74,316 210.87
56%
滋賀県 湖南市 54,460 70.4
54%
大阪府 貝塚市 84,443 43.93
54%
大阪府 高石市 55,635 11.3
54%
京都府 八幡市 70,433 24.35
53%
兵庫県 三木市 75,294 176.51
53%
兵庫県 高砂市 87,722 34.38
51%
奈良県 宇陀市 28,121 247.5
51%
兵庫県 養父市 22,129 422.91
50%
兵庫県 宍粟市 34,819 658.54
49%
和歌山県 有田市 26,538 36.83
49%
奈良県 御所市 24,096 60.58
48%
和歌山県 岩出市 53,967 38.51
45%
兵庫県 朝来市 28,989 403.06
43%
奈良県 香芝市 78,113 24.26
42%
兵庫県 小野市 47,562 92.94
41%
奈良県 葛城市 36,832 33.72
38%
No matching quizzes found
Score Distribution
Percent of People with Each Score
Percentile by Number Answered
Your Score History
You have not taken this quiz